Atlas slovenského jazyka 2 flexia

Uložené v:
Podrobná bibliografia
Médium: Kniha
Jazyk:Slovak
Vydavateľské údaje: Bratislava Veda 1981
Tagy: Pridať tag
Žiadne tagy, Buďte prvý, kto otaguje tento záznam!

MARC

LEADER 00000nam a2200000 4500
001 c106544
005 20260327064905.6
041 0 |a slo 
044 |a SK 
245 1 0 |a Atlas slovenského jazyka 2  |b flexia  |c Jozef Štolc 
264 1 |a Bratislava  |b Veda  |c 1981 
300 |a 314 s.  |e 3 mp. príl.